MARC

LEADER 00000nab a2200000 a 4500
001 vtls000149895
003 SK-MaSNL
005 20260303072952.0
008 180130c1983 xo 0 slo
015 |a SNBRB19rr/mm-uuuuu 
035 |a CL0160002 
040 |a SNKBUCL  |b slo  |c SNKBUCL  |e AACR2 
041 0 |a slo 
044 |a xo  |c SK 
080 |a 883 (437)-1  |2 1981 
100 1 |a Zbihlej, Jozef,  |d 1938-2019  |4 aut  |9 109110 
245 1 0 |a Sklamanie  |c Jozef Zbihlej ; Josyf Zbihlej, Marián Heveši 
650 0 7 |a básne lyrické  |2 snkbucl  |9 403933 
650 0 7 |a literatúra ukrajinská  |z Česko-Slovensko  |2 snkbucl  |9 921476 
655 7 |a články z novín a časopisov  |2 snkbucl  |9 267496 
655 7 |a články z odboru literárna veda a krásna literatúra  |2 snkbucl  |9 770045 
773 0 |t Romboid  |g Roč. 18, č. 5 (1983), s. 65 
850 |a Slovenská národná knižnica v Martine  |a MTA001 
852 |a SNK  |b KIS3GCP 
958 |a RK 
958 |a LX 
958 |a UK 
958 |a SK 
992 |a RBX 
999 |c 1765591  |d 1767521